000 00720nam a2200169 i 4500
001 83666
003 ES-MaACL
005 20230906174855.0
007 t|
008 150415s1894 sp ||||1| spa d
110 2 _aUniversidad Literaria de Salamanca.
_97390
245 1 0 _aMemoria sobre el estado de la instrucción en esta Universidad y establecimientos de enseñanza de su distrito correspondiente al curso académico de 1893 a 1894 ;
_bAnuario para el de 1894 a 1895 ; Variedades.
260 _aSalamanca :
_bUniversidad Literaria de Salamanca,
_c1894 (
_fImp. de Francisco Núñez)
300 _a133 p. ;
_c30 cm.
610 2 4 _aUniversidad Literaria de Salamanca-
_vMemorias.
_9155720
852 _aES-MaACL
_jT-774-F-2
999 _c83666
_d83666